| 000 | 00551nam a2200205Ia 4500 | ||
|---|---|---|---|
| 003 | GCL | ||
| 008 | 140319s9999 xx 000 0 eng d | ||
| 040 |
_aGCL / _cGCL |
||
| 082 | 0 | 4 |
_a346.046 _bA W |
| 100 | 1 | _aALLAN, JAMES | |
| 245 | 1 | 0 |
_aWATER IN THE MIDDLE EAST: LEGAL POLITICAL AND COMMERCIAL IMPLICATIONS / _cALLAN, JAMES |
| 700 | 1 | _aMALLATM CHIBLI | |
| 260 |
_a[S.N] : _bI.B. TAURIS & CO LTD PUBLISHERS ، _c1995 |
||
| 300 | _a356 P | ||
| 650 | 0 | 4 | _aWATER |
| 650 | 0 | 4 | _aMIDDLE EAST |
| 650 | 0 | 4 | _aLAW |
| 650 | 0 | 4 | _aPOLICY |
| 942 |
_2ddc _cBK |
||
| 999 |
_c25188 _d25188 |
||